| 000 | 01441cgm a2200337 4500 | ||
|---|---|---|---|
| 001 | E2519 | ||
| 008 | 090401t1995 xxu||||| |||| 00| 0 eng d | ||
| 035 | _a(Sirsi) u39740 | ||
| 041 | _aeng | ||
| 050 | _a352.1 | ||
| 100 | _aDarg, Alan | ||
| 245 | _aCompulsory competitive tendering: preparing for competition (sound recording) | ||
| 260 |
_aLondon _bRICS _c1995 |
||
| 300 | _a1 sound cassette (60 min.) | ||
| 350 | _a11.06 | ||
| 490 | _aOwlion Audio Programme | ||
| 520 | _aFrom 1st April 1996 Local Authorities in the UK will be required by law to put a large proportion of their construction and property services work out to competition. In-house teams will only be able to continue to carry out such work if they win by competition. This new situtation presents a wide range of opportunities for surveyors in both the public and private sectors. This programme covers the complex legislation of Compulsory Competitive Tendering and its implementation. | ||
| 650 | _aAUDIO CASSETTES | ||
| 650 | _aCCT | ||
| 650 | _aCOMPULSORY COMPETITIVE TENDERING | ||
| 690 | _aMANAGEMENT-BUSINESS MANAGEMENT-PROFESSIONAL PRACTICE | ||
| 700 | _aAlbon, B. | ||
| 700 | _aFootitt, Richard | ||
| 700 | _aGrierson, James | ||
| 700 | _aJohnstone, Lawrence | ||
| 700 | _aPowell, Alan | ||
| 710 |
_aRoyal Institution of Chartered Surveyors _94900 |
||
| 710 |
_aCollege of Estate Management _9400 |
||
| 942 | _n0 | ||
| 948 | _c04/03/1997 | ||
| 999 |
_c85236 _d85236 |
||